000
00310nam a22001337a 4500
008
180927b xxu||||| |||| 00| 0 eng d
020
_a
9780683077384
041
_a
eng
080
_2
3 ED
_a
610
100
_a
3
101
_a
SHM
245
_a
Emergency Procedures And Techniques
_c
Brener.S
942
_2
udc
_c
BK
999
_c
48552
_d
48552